000 02550nam a22003017a 4500
999 _c58615
_d58615
003 Ge_BSU
005 20220615123506.0
008 220615s2021 ge ||||| |||| 00| 0 geo d
020 _a9789941831089
041 _ageo
080 _a94(479.22)''1918.05''+316.42(479.22)+ 008(479.22) ი-59
245 _aინიციატივა ცვლილებისათვის :
_b სათემო და სამოქალაქო სოლიდარობის მაგალითები საქართველოში საბჭოთა ოკუპაციამდე. წიგნი 3 /
_cმკვლევართა გუნდი: ირაკლი ირემაძე, რუსიკო კობახიძე, ბადრი ოყუჯავა, ირაკლი ხვადაგიანი ; ინგლისური თარგმანი ნათია ნადირაძე ; დიზაინი მანანა არაბული.
264 _aთბილისი :
_bსათემო განვითარების ცენტრი,
_c2021.
300 _a176 გვ. ;
_b26 სმ.
500 _a ყდაზე: ჭიათურის სცენის მოყვარულთა დასი, 1900-იანი წლების დასაწყისში.
501 _a1 სტატია ინგლისურ ენაზე.
504 _aბიბლიოგრაფია ტექსტის შენიშვნებში.
653 _aსაქართველოს დემოკრატიული რესპუბლიკა.
653 _aსოციალური ცვლილებები საქართველოში.
653 _aქართული კულტურა.
700 _aმარგველაშვილი, ანა
_eავტორი, პროექტის ხელმძღვანელი
_914091
700 _aხვადაგიანი, ირაკლი
_eავტორი
_913433
700 _aირემაძე, ირაკლი და სხვ.
_eავტორი
_914094
700 _aნადირაძე, ნათია
_eმთარგმნელი
_94227
700 _aარაბული, მანანა
_eდიზაინერი
_914095
856 _uhttps://droa.ge/wp-content/uploads/2022/04/%E1%83%A2%E1%83%94%E1%83%A1%E1%83%A2%E1%83%98.pdf
_yელ. ვერსია. pdf
942 _2udc
_cBK